[Event "GX Alekhine Open de Inverno 2023"]
[Site "Lisboa, Portugal"]
[Date "????.??.??"]
[Round "1.4"]
[White "Marques, Miguel Alexandre Gome"]
[Black "Santos, Alexandre Vital"]
[Result "0-1"]
[WhiteElo "1406"]
[BlackElo "1657"]
[PlyCount "88"]
[Source "Analyze This Pro"]

1. e4 {[%emt 0:00:02]} e5 {[%emt 0:00:13]} 2. Nf3 {[%emt 0:00:09]} Nf6 {[%emt 0:01:06]} 3. Nxe5 {[%emt 0:01:56]} d6 {[%emt 0:00:10]} 4. Nf3 {[%emt 0:00:32]} Nxe4 {[%emt 0:00:54]} 5. Qe2 {[%emt 0:01:11]} Qe7 {[%emt 0:00:40]} 6. d3 {[%emt 0:00:54]} Nc5 {[%emt 0:00:19]} 7. h3 {[%emt 0:04:53]} Nc6 {[%emt 0:00:43]} 8. Nc3 {[%emt 0:01:20]} Be6 {[%emt 0:00:50]} 9. d4 {[%emt 0:04:11]} Nb4 {[%emt 0:17:45]} 10. Be3 {[%emt 0:06:21]} Nd7 {[%emt 0:22:19]} 11. a3 {[%emt 0:07:25]} Nd5 {[%emt 0:06:52]} 12. Nxd5 {[%emt 0:04:32]} Bxd5 {[%emt 0:00:22]} 13. c4 {[%emt 0:02:50]} Be4 {[%emt 0:00:19]} 14. Nd2 {[%emt 0:05:33]} Bg6 {[%emt 0:00:25]} 15. Qf3 {[%emt 0:02:07]} c6 {[%emt 0:01:13]} 16. Be2 {[%emt 0:03:47]} Qf6 {[%emt 0:01:35]} 17. O-O {[%emt 0:01:26]} Be7 {[%emt 0:04:34]} 18. b3 {[%emt 0:06:33]} O-O {[%emt 0:00:33]} 19. Rfe1 {[%emt 0:02:19]} Rfe8 {[%emt 0:00:59]} 20. Qxf6 {[%emt 0:01:00]} Bxf6 {[%emt 0:01:48]} 21. Bg4 {[%emt 0:02:14]} Nf8 {[%emt 0:02:10]} 22. Rac1 {[%emt 0:01:56]} Ne6 {[%emt 0:00:49]} 23. d5 {[%emt 0:04:26]} Nc5 {[%emt 0:02:06]} 24. Bxc5 {[%emt 0:01:14]} dxc5 {[%emt 0:03:40]} 25. dxc6 {[%emt 0:04:30]} bxc6 {[%emt 0:05:32]} 26. Rxe8+ Rxe8 27. Nf3 Bb2 28. Rd1 Bxa3 29. Ra1 {[%emt 0:11:40]} Bb2 {[%emt 0:02:37]} 30. Rxa7 f5 31. Nh4 fxg4 32. Nxg6 hxg6 33. hxg4 Bd4 {[%emt 0:07:54]} 34. Kf1 {[%emt 0:01:04]} Rb8 {[%emt 0:00:48]} 35. Rc7 {[%emt 0:01:01]} Rxb3 {[%emt 0:00:14]} 36. Rxc6 {[%emt 0:00:24]} Rb1+ {[%emt 0:00:24]} 37. Ke2 {[%emt 0:00:17]} Rb2+ {[%emt 0:00:07]} 38. Kd3 {[%emt 0:01:15]} Rxf2 {[%emt 0:00:20]} 39. Rxg6 {[%emt 0:00:27]} Bf6 {[%emt 0:00:56]} 40. g5 {[%emt 0:01:10]} Kf7 {[%emt 0:00:36]} 41. gxf6 {[%emt 0:00:52]} Kxg6 {[%emt 0:00:21]} 42. fxg7 {[%emt 0:00:23]} Kxg7 {[%emt 0:00:09]} 43. Ke4 {[%emt 0:00:56]} Rxg2 {[%emt 0:00:18]} 44. Kd5 {[%emt 0:00:12]} Rg5+ {[%emt 0:00:09]} 0-1

[Event "GX Alekhine Open de Inverno 2023"]
[Site "Lisboa, Portugal"]
[Date "????.??.??"]
[Round "1.2"]
[White "Correia, Pedro MourÃ£o Soares"]
[Black "Curado, Manuel JoÃ£o Ferro"]
[Result "0-1"]
[WhiteElo "1458"]
[BlackElo "1713"]
[PlyCount "90"]
[Source "Analyze This Pro"]

1. e4 {[%emt 0:00:03]} c5 {[%emt 0:00:17]} 2. Nf3 {[%emt 0:00:04]} Nf6 {[%emt 0:01:08]} 3. Nc3 {[%emt 0:00:40]} d5 {[%emt 0:02:18]} 4. Bb5+ {[%emt 0:03:31]} Bd7 {[%emt 0:08:42]} 5. Qe2 {[%emt 0:07:40]} dxe4 {[%emt 0:08:46]} 6. Nxe4 {[%emt 0:07:52]} Nxe4 {[%emt 0:00:25]} 7. Bxd7+ {[%emt 0:00:43]} Qxd7 {[%emt 0:00:15]} 8. Qxe4 {[%emt 0:00:38]} Nc6 {[%emt 0:00:31]} 9. O-O {[%emt 0:02:13]} e6 {[%emt 0:00:42]} 10. Ne5 {[%emt 0:03:16]} Nxe5 {[%emt 0:12:12]} 11. Qxe5 {[%emt 0:00:29]} Qd5 {[%emt 0:11:54]} 12. Qxd5 {[%emt 0:07:09]} exd5 {[%emt 0:00:03]} 13. b3 {[%emt 0:01:23]} Bd6 {[%emt 0:05:09]} 14. a4 {[%emt 0:04:50]} b6 {[%emt 0:01:35]} 15. d3 {[%emt 0:07:26]} Kd7 {[%emt 0:00:26]} 16. Bb2 {[%emt 0:01:39]} f6 {[%emt 0:00:56]} 17. c4 {[%emt 0:01:12]} d4 {[%emt 0:08:00]} 18. Rfe1 Rhe8 {[%emt 0:00:32]} 19. Kf1 {[%emt 0:01:14]} h5 {[%emt 0:02:28]} 20. h4 {[%emt 0:06:09]} Bc7 {[%emt 0:09:27]} 21. g3 {[%emt 0:05:03]} Rxe1+ {[%emt 0:02:19]} 22. Rxe1 {[%emt 0:00:44]} Re8 {[%emt 0:06:29]} 23. Rxe8 {[%emt 0:02:06]} Kxe8 {[%emt 0:00:01]} 24. Kg2 {[%emt 0:01:06]} Kd7 {[%emt 0:00:16]} 25. Kf3 {[%emt 0:08:16]} Ke6 {[%emt 0:01:21]} 26. Ke4 {[%emt 0:05:06]} g6 {[%emt 0:07:03]} 27. f4 {[%emt 0:01:55]} f5+ {[%emt 0:00:32]} 28. Kf3 {[%emt 0:00:19]} Kd6 {[%emt 0:00:44]} 29. Bc1 {[%emt 0:03:36]} Kc6 {[%emt 0:01:47]} 30. Ke2 {[%emt 0:00:52]} a6 {[%emt 0:00:51]} 31. Kd1 {[%emt 0:02:04]} b5 {[%emt 0:03:00]} 32. axb5+ {[%emt 0:01:21]} axb5 {[%emt 0:00:12]} 33. Bd2 {[%emt 0:00:45]} bxc4 {[%emt 0:02:38]} 34. bxc4 {[%emt 0:00:34]} Kb6 {[%emt 0:02:27]} 35. Kc2 {[%emt 0:00:56]} Ka6 {[%emt 0:00:29]} 36. Bc1 {[%emt 0:01:13]} Ba5 {[%emt 0:00:28]} 37. Kd1 {[%emt 0:01:18]} Bb4 {[%emt 0:00:43]} 38. Bd2 {[%emt 0:01:52]} Bxd2 {[%emt 0:00:23]} 39. Kxd2 {[%emt 0:00:04]} Ka5 {[%emt 0:00:05]} 40. Kc2 {[%emt 0:00:57]} Ka4 {[%emt 0:00:10]} 41. Kb2 {[%emt 0:01:14]} Kb4 {[%emt 0:00:10]} 42. Kc2 {[%emt 0:01:00]} Ka3 {[%emt 0:00:08]} 43. Kc1 {[%emt 0:03:05]} Kb3 {[%emt 0:00:11]} 44. Kd2 {[%emt 0:00:27]} Kb2 {[%emt 0:00:08]} 45. Kd1 {[%emt 0:00:39]} Kc3 {[%emt 0:00:07]} 0-1

[Event "GX Alekhine Open de Inverno 2023"]
[Site "Lisboa, Portugal"]
[Date "????.??.??"]
[Round "1.3"]
[White "Dias, AntÃ³nio Alberto"]
[Black "Pereira, JosÃ© AntÃ³nio Gomes De"]
[Result "1-0"]
[WhiteElo "1702"]
[BlackElo "1528"]
[PlyCount "113"]
[Source "Analyze This Pro"]

1. d4 {[%emt 0:00:07]} d5 {[%emt 0:07:35]} 2. Nc3 {[%emt 0:00:34]} Bf5 {[%emt 0:04:05]} 3. Bg5 {[%emt 0:01:46]} Nf6 {[%emt 0:03:42]} 4. f3 {[%emt 0:00:23]} h6 {[%emt 0:02:02]} 5. Bxf6 {[%emt 0:02:59]} exf6 {[%emt 0:03:32]} 6. e4 {[%emt 0:00:35]} Be6 {[%emt 0:05:04]} 7. Bb5+ {[%emt 0:04:30]} c6 {[%emt 0:03:29]} 8. Ba4 {[%emt 0:00:28]} Bb4 {[%emt 0:02:59]} 9. Nge2 {[%emt 0:00:18]} O-O {[%emt 0:02:39]} 10. O-O {[%emt 0:01:45]} Nd7 {[%emt 0:03:31]} 11. Nf4 {[%emt 0:01:23]} Nb6 {[%emt 0:01:26]} 12. Bb3 {[%emt 0:02:11]} Bxc3 {[%emt 0:05:13]} 13. bxc3 {[%emt 0:00:11]} a5 {[%emt 0:00:46]} 14. exd5 {[%emt 0:01:57]} Bxd5 {[%emt 0:06:07]} 15. a4 {[%emt 0:03:39]} Re8 {[%emt 0:07:46]} 16. Qd3 {[%emt 0:03:57]} Bxb3 {[%emt 0:05:13]} 17. cxb3 {[%emt 0:00:11]} Nd5 {[%emt 0:01:06]} 18. Nxd5 {[%emt 0:01:00]} Qxd5 {[%emt 0:00:41]} 19. c4 {[%emt 0:00:18]} Qd6 {[%emt 0:04:32]} 20. g3 {[%emt 0:00:33]} Re7 {[%emt 0:01:29]} 21. Rfe1 {[%emt 0:03:46]} Rae8 {[%emt 0:01:29]} 22. Kf2 {[%emt 0:01:44]} h5 {[%emt 0:09:56]} 23. Rxe7 {[%emt 0:00:40]} Rxe7 {[%emt 0:00:48]} 24. Re1 {[%emt 0:02:40]} Rxe1 {[%emt 0:04:17]} 25. Kxe1 {[%emt 0:00:14]} f5 {[%emt 0:00:44]} 26. f4 {[%emt 0:02:57]} h4 {[%emt 0:05:18]} 27. Ke2 {[%emt 0:01:44]} hxg3 {[%emt 0:04:06]} 28. hxg3 {[%emt 0:00:24]} Qe6+ {[%emt 0:01:50]} 29. Kf2 {[%emt 0:02:51]} Qe4 {[%emt 0:00:46]} 30. Qxe4 {[%emt 0:00:03]} fxe4 {[%emt 0:00:07]} 31. g4 {[%emt 0:00:09]} Kf8 {[%emt 0:03:10]} 32. Ke3 {[%emt 0:00:09]} Ke7 {[%emt 0:00:15]} 33. Kxe4 {[%emt 0:00:38]} Ke6 {[%emt 0:00:54]} 34. f5+ {[%emt 0:01:03]} Kd7 {[%emt 0:00:35]} 35. g5 {[%emt 0:00:22]} f6 {[%emt 0:00:24]} 36. gxf6 {[%emt 0:00:17]} gxf6 {[%emt 0:00:01]} 37. c5 {[%emt 0:00:14]} Kc7 {[%emt 0:00:59]} 38. d5 {[%emt 0:00:14]} cxd5+ {[%emt 0:00:34]} 39. Kxd5 {[%emt 0:00:12]} Kd7 {[%emt 0:00:15]} 40. Kd4 {[%emt 0:00:28]} Kc7 {[%emt 0:00:50]} 41. Kc3 {[%emt 0:00:10]} b6 {[%emt 0:00:26]} 42. Kc4 {[%emt 0:00:15]} Kc6 {[%emt 0:00:14]} 43. cxb6 {[%emt 0:00:11]} Kxb6 {[%emt 0:00:02]} 44. Kd5 {[%emt 0:00:18]} Kc7 {[%emt 0:00:18]} 45. Ke6 {[%emt 0:01:06]} Kc6 {[%emt 0:00:32]} 46. Kxf6 {[%emt 0:00:06]} Kc5 {[%emt 0:00:07]} 47. Ke6 {[%emt 0:00:21]} Kb4 {[%emt 0:00:05]} 48. f6 {[%emt 0:00:11]} Kxb3 {[%emt 0:00:03]} 49. f7 {[%emt 0:00:10]} Kxa4 {[%emt 0:00:22]} 50. f8=Q {[%emt 0:00:04]} Kb3 {[%emt 0:00:18]} 51. Qb8+ {[%emt 0:00:36]} Ka3 {[%emt 0:00:49]} 52. Kd5 {[%emt 0:00:48]} a4 {[%emt 0:00:03]} 53. Qb5 {[%emt 0:00:12]} Ka2 {[%emt 0:00:06]} 54. Qxa4+ {[%emt 0:00:09]} Kb2 {[%emt 0:00:06]} 55. Kd4 {[%emt 0:00:26]} Kb1 {[%emt 0:00:09]} 56. Kc3 {[%emt 0:00:40]} Kc1 {[%emt 0:00:05]} 57. Qa1# {[%emt 0:00:22]} 1-0

[Event "GX Alekhine Open de Inverno 2023"]
[Site "Lisboa, Portugal"]
[Date "????.??.??"]
[Round "1.1"]
[White "Morais, Vitor Mestre"]
[Black "Batista, Sandro Manuel Almeida"]
[Result "1/2-1/2"]
[WhiteElo "1716"]
[BlackElo "1639"]
[PlyCount "61"]
[Source "Analyze This Pro"]

1. f4 d5 {[%emt 0:00:27]} 2. Nf3 {[%emt 0:01:05]} Nf6 {[%emt 0:00:18]} 3. g3 {[%emt 0:00:08]} c5 {[%emt 0:00:31]} 4. Bg2 {[%emt 0:00:07]} Bg4 {[%emt 0:00:11]} 5. O-O {[%emt 0:00:18]} Nc6 {[%emt 0:00:54]} 6. d3 {[%emt 0:00:12]} Qd7 {[%emt 0:03:57]} 7. c3 {[%emt 0:00:28]} Bh3 {[%emt 0:00:45]} 8. Be3 {[%emt 0:02:17]} Bxg2 {[%emt 0:01:11]} 9. Kxg2 {[%emt 0:00:04]} e6 {[%emt 0:01:11]} 10. Bg1 {[%emt 0:00:58]} Bd6 {[%emt 0:02:06]} 11. Na3 {[%emt 0:00:18]} a6 {[%emt 0:01:14]} 12. Nc2 {[%emt 0:00:40]} O-O {[%emt 0:00:24]} 13. Qd2 {[%emt 0:00:31]} b6 {[%emt 0:04:09]} 14. Rae1 {[%emt 0:00:14]} Rad8 {[%emt 0:13:35]} 15. e4 {[%emt 0:01:04]} dxe4 {[%emt 0:00:09]} 16. dxe4 {[%emt 0:00:13]} Qc7 {[%emt 0:00:19]} 17. Qe2 {[%emt 0:01:01]} e5 {[%emt 0:00:37]} 18. f5 {[%emt 0:03:08]} b5 {[%emt 0:02:46]} 19. h4 {[%emt 0:03:54]} c4 {[%emt 0:01:02]} 20. a3 {[%emt 0:01:15]} Nb8 {[%emt 0:02:12]} 21. Rd1 {[%emt 0:02:40]} Bc5 {[%emt 0:01:07]} 22. Ng5 {[%emt 0:01:27]} h5 {[%emt 0:08:58]} 23. Nh3 {[%emt 0:09:35]} Bxg1 {[%emt 0:06:46]} 24. Rxg1 {[%emt 0:00:20]} Rxd1 {[%emt 0:04:27]} 25. Rxd1 {[%emt 0:00:20]} Rd8 {[%emt 0:07:00]} 26. Nf2 {[%emt 0:00:19]} Rxd1 {[%emt 0:00:48]} 27. Qxd1 {[%emt 0:00:11]} Qd7 {[%emt 0:03:04]} 28. Qxd7 {[%emt 0:03:14]} Nbxd7 {[%emt 0:00:02]} 29. Nb4 {[%emt 0:00:21]} Nc5 {[%emt 0:00:36]} 30. Kf3 {[%emt 0:00:20]} Kf8 {[%emt 0:01:48]} 31. Ke3 {[%emt 0:02:01]} 1/2-1/2

[Event "GX Alekhine Open de Inverno 2023"]
[Site "Lisboa, Portugal"]
[Date "????.??.??"]
[Round "3.3"]
[White "Seia, JoÃ£o Manuel Barradas Ara"]
[Black "Gorgojo Freijo, Diego"]
[Result "0-1"]
[WhiteElo "1605"]
[BlackElo "1874"]
[PlyCount "52"]
[Source "Analyze This Pro"]

1. e4 {[%emt 0:00:05]} c5 {[%emt 0:00:12]} 2. Nf3 {[%emt 0:00:05]} e6 {[%emt 0:00:15]} 3. d4 {[%emt 0:00:06]} cxd4 {[%emt 0:00:13]} 4. Nxd4 {[%emt 0:00:06]} a6 {[%emt 0:00:10]} 5. Bd3 {[%emt 0:00:23]} Nc6 {[%emt 0:01:12]} 6. Nxc6 {[%emt 0:00:17]} dxc6 {[%emt 0:00:35]} 7. O-O {[%emt 0:00:14]} e5 {[%emt 0:00:49]} 8. Nd2 {[%emt 0:00:20]} Nf6 {[%emt 0:02:13]} 9. Nc4 {[%emt 0:00:25]} Bg4 {[%emt 0:02:29]} 10. Qe1 {[%emt 0:00:31]} Nd7 {[%emt 0:02:55]} 11. f4 {[%emt 0:00:24]} Bc5+ {[%emt 0:12:33]} 12. Be3 {[%emt 0:03:14]} exf4 {[%emt 0:01:44]} 13. Bxc5 {[%emt 0:07:16]} Nxc5 {[%emt 0:01:35]} 14. Be2 {[%emt 0:05:25]} Bxe2 {[%emt 0:11:22]} 15. Qxe2 {[%emt 0:00:03]} Qd4+ {[%emt 0:01:08]} 16. Kh1 {[%emt 0:03:07]} b5 {[%emt 0:01:56]} 17. Nb6 {[%emt 0:29:54]} Rb8 {[%emt 0:06:48]} 18. c3 {[%emt 0:04:29]} Qe3 {[%emt 0:01:51]} 19. Qh5 {[%emt 0:06:52]} Nd3 {[%emt 0:13:55]} 20. Rae1 {[%emt 0:27:27]} Qxb6 {[%emt 0:02:10]} 21. Rd1 {[%emt 0:00:40]} Qc5 {[%emt 0:05:57]} 22. Qe2 Ne5 {[%emt 0:01:07]} 23. Rxf4 O-O 24. Rdf1 Qc4 {[%emt 0:06:01]} 25. Qh5 {[%emt 0:00:55]} Ng6 {[%emt 0:00:50]} 26. Rg4 {[%emt 0:01:39]} Qxf1# {[%emt 0:00:12]} 0-1

[Event "GX Alekhine Open de Inverno 2023"]
[Site "Lisboa, Portugal"]
[Date "????.??.??"]
[Round "3.1"]
[White "Curado, Manuel Joao Ferro"]
[Black "Santos, Alexandre Vital"]
[Result "1-0"]
[WhiteElo "1713"]
[BlackElo "1657"]
[PlyCount "65"]
[Source "Analyze This Pro"]

1. e4 {[%emt 0:00:02]} e5 {[%emt 0:00:11]} 2. Nf3 {[%emt 0:00:09]} Nf6 {[%emt 0:00:12]} 3. Nc3 {[%emt 0:00:45]} d6 {[%emt 0:00:59]} 4. d4 {[%emt 0:02:00]} exd4 {[%emt 0:03:23]} 5. Nxd4 {[%emt 0:00:08]} Be7 {[%emt 0:00:17]} 6. Bc4 {[%emt 0:02:09]} a6 {[%emt 0:05:26]} 7. a4 {[%emt 0:01:31]} Nbd7 {[%emt 0:00:41]} 8. O-O {[%emt 0:01:31]} O-O {[%emt 0:00:25]} 9. Bg5 {[%emt 0:05:19]} Ne5 {[%emt 0:01:34]} 10. Be2 {[%emt 0:04:46]} c5 {[%emt 0:01:46]} 11. Nb3 {[%emt 0:05:52]} h6 {[%emt 0:04:15]} 12. Bxf6 {[%emt 0:09:10]} Bxf6 {[%emt 0:00:45]} 13. Nd5 {[%emt 0:01:56]} Be7 {[%emt 0:02:56]} 14. f4 {[%emt 0:13:43]} Nc6 {[%emt 0:01:22]} 15. Nxe7+ {[%emt 0:06:32]} Qxe7 {[%emt 0:00:46]} 16. Bf3 {[%emt 0:00:48]} Be6 {[%emt 0:05:04]} 17. c3 {[%emt 0:00:33]} f5 {[%emt 0:05:14]} 18. Re1 {[%emt 0:03:38]} Qf7 {[%emt 0:05:48]} 19. Ra3 {[%emt 0:04:20]} fxe4 {[%emt 0:03:21]} 20. Rxe4 {[%emt 0:01:58]} Bd5 {[%emt 0:05:29]} 21. Re3 {[%emt 0:01:46]} Bxf3 {[%emt 0:00:23]} 22. Rxf3 {[%emt 0:00:03]} Rad8 {[%emt 0:01:13]} 23. Ra1 {[%emt 0:02:43]} c4 {[%emt 0:06:21]} 24. Nd4 {[%emt 0:01:59]} Rfe8 {[%emt 0:04:17]} 25. Qd2 {[%emt 0:07:21]} Re4 {[%emt 0:08:06]} 26. Nxc6 {[%emt 0:02:56]} bxc6 {[%emt 0:00:10]} 27. Raf1 {[%emt 0:00:30]} Qf5 {[%emt 0:00:32]} 28. h3 {[%emt 0:04:49]} Qa5 {[%emt 0:03:28]} 29. Re1 {[%emt 0:01:40]} Qb6+ {[%emt 0:01:28]} 30. Kh2 {[%emt 0:00:46]} Rxe1 {[%emt 0:01:50]} 31. Qxe1 {[%emt 0:00:04]} Qxb2 {[%emt 0:00:43]} 32. Qe7 {[%emt 0:00:21]} Qb8 {[%emt 0:00:34]} 33. Rg3 {[%emt 0:00:48]} 1-0

[Event "GX Alekhine Open de Inverno 2023"]
[Site "Lisboa, Portugal"]
[Date "????.??.??"]
[Round "3.4"]
[White "Villarroel Contreras, Fernando"]
[Black "Morais, Vitor Mestre"]
[Result "0-1"]
[WhiteElo "1266"]
[BlackElo "1716"]
[PlyCount "66"]
[Source "Analyze This Pro"]

1. e4 {[%emt 0:04:03]} c5 {[%emt 0:00:16]} 2. Nf3 {[%emt 0:00:07]} a6 {[%emt 0:00:08]} 3. Nc3 {[%emt 0:03:09]} Nc6 {[%emt 0:00:11]} 4. d4 {[%emt 0:08:50]} cxd4 {[%emt 0:00:16]} 5. Nxd4 {[%emt 0:00:12]} e6 {[%emt 0:00:36]} 6. Nf3 {[%emt 0:08:46]} Bc5 {[%emt 0:00:54]} 7. a3 {[%emt 0:11:59]} Nge7 {[%emt 0:00:33]} 8. e5 {[%emt 0:03:05]} O-O {[%emt 0:01:05]} 9. Bg5 {[%emt 0:01:23]} Qc7 {[%emt 0:00:29]} 10. Bxe7 {[%emt 0:04:03]} Bxe7 {[%emt 0:00:26]} 11. Qe2 {[%emt 0:05:46]} f6 {[%emt 0:01:49]} 12. exf6 {[%emt 0:04:51]} Bxf6 {[%emt 0:00:14]} 13. Qd2 {[%emt 0:10:18]} b5 {[%emt 0:00:17]} 14. Bd3 {[%emt 0:03:02]} b4 {[%emt 0:00:10]} 15. Ne4 {[%emt 0:00:20]} Bxb2 {[%emt 0:00:18]} 16. Rb1 {[%emt 0:12:24]} bxa3 {[%emt 0:00:10]} 17. Rxb2 {[%emt 0:00:07]} axb2 {[%emt 0:00:09]} 18. c3 {[%emt 0:00:04]} Rb8 {[%emt 0:00:10]} 19. O-O {[%emt 0:00:08]} d5 {[%emt 0:02:14]} 20. Neg5 {[%emt 0:01:19]} g6 {[%emt 0:00:33]} 21. Nh4 Qf4 {[%emt 0:06:27]} 22. Qxf4 Rxf4 23. Nhf3 {[%emt 0:07:50]} e5 {[%emt 0:00:54]} 24. Bb1 {[%emt 0:00:11]} e4 {[%emt 0:00:10]} 25. Nd4 {[%emt 0:00:12]} Nxd4 {[%emt 0:01:27]} 26. cxd4 {[%emt 0:00:02]} h6 {[%emt 0:00:20]} 27. Nh3 {[%emt 0:00:34]} Bxh3 {[%emt 0:00:14]} 28. gxh3 {[%emt 0:00:04]} Rb4 {[%emt 0:00:13]} 29. Rd1 {[%emt 0:00:21]} a5 {[%emt 0:00:13]} 30. Kg2 {[%emt 0:01:21]} a4 {[%emt 0:00:05]} 31. Ba2 {[%emt 0:00:16]} Kg7 {[%emt 0:00:08]} 32. Kg3 {[%emt 0:00:31]} Rf3+ {[%emt 0:00:30]} 33. Kg4 {[%emt 0:00:17]} a3 {[%emt 0:00:13]} 0-1

[Event "GX Alekhine Open de Inverno 2023"]
[Site "Lisboa, Portugal"]
[Date "????.??.??"]
[Round "3.2"]
[White "Ramos, Caetano Da Motta Lima S"]
[Black "Dias, Antonio Alberto"]
[Result "1/2-1/2"]
[WhiteElo "1655"]
[BlackElo "1702"]
[PlyCount "47"]
[Source "Analyze This Pro"]

1. e4 {[%emt 0:04:36]} d6 {[%emt 0:00:36]} 2. d4 {[%emt 0:01:04]} g6 {[%emt 0:01:20]} 3. Nc3 {[%emt 0:01:36]} Bg7 {[%emt 0:00:53]} 4. Be3 {[%emt 0:00:45]} Nf6 {[%emt 0:00:17]} 5. f3 {[%emt 0:02:31]} c6 {[%emt 0:01:36]} 6. a4 {[%emt 0:01:40]} Qb6 {[%emt 0:03:41]} 7. Nge2 {[%emt 0:01:59]} Be6 {[%emt 0:02:07]} 8. Qd2 {[%emt 0:08:17]} d5 {[%emt 0:01:28]} 9. Nf4 {[%emt 0:08:57]} O-O {[%emt 0:01:16]} 10. g4 {[%emt 0:04:22]} Qa5 {[%emt 0:01:56]} 11. e5 {[%emt 0:10:01]} Ne8 {[%emt 0:03:49]} 12. h4 {[%emt 0:02:20]} Nc7 {[%emt 0:02:22]} 13. h5 {[%emt 0:01:09]} b5 {[%emt 0:00:37]} 14. b4 {[%emt 0:05:03]} Qxb4 {[%emt 0:01:41]} 15. Rb1 {[%emt 0:00:05]} Qa5 {[%emt 0:00:13]} 16. axb5 {[%emt 0:00:09]} c5 {[%emt 0:00:47]} 17. hxg6 {[%emt 0:07:32]} fxg6 {[%emt 0:01:05]} 18. Qh2 {[%emt 0:02:07]} Qxc3+ {[%emt 0:00:31]} 19. Bd2 {[%emt 0:00:06]} Qxd4 {[%emt 0:01:59]} 20. Qxh7+ {[%emt 0:00:15]} Kf7 {[%emt 0:00:07]} 21. Qxg6+ {[%emt 0:00:17]} Kg8 {[%emt 0:00:14]} 22. Qh7+ {[%emt 0:02:49]} Kf7 {[%emt 0:00:12]} 23. Qh5+ {[%emt 0:00:06]} Kg8 {[%emt 0:00:17]} 24. Qh7+ {[%emt 0:01:34]} 1/2-1/2

[Event "GX Alekhine Open de Inverno 2023"]
[Site "Lisboa, Portugal"]
[Date "????.??.??"]
[Round "4.1"]
[White "Gorgojo Freijo, Diego"]
[Black "Curado, Manuel Joao Ferro"]
[Result "1/2-1/2"]
[WhiteElo "1874"]
[BlackElo "1713"]
[PlyCount "41"]
[Source "Analyze This Pro"]

1. d4 {[%emt 0:00:17]} Nf6 {[%emt 0:00:09]} 2. Nf3 {[%emt 0:00:44]} d6 {[%emt 0:01:22]} 3. Nbd2 {[%emt 0:04:56]} g6 {[%emt 0:01:13]} 4. e4 {[%emt 0:01:29]} Bg7 {[%emt 0:00:36]} 5. Bc4 {[%emt 0:07:08]} O-O {[%emt 0:03:42]} 6. O-O {[%emt 0:01:22]} c6 {[%emt 0:07:21]} 7. e5 {[%emt 0:07:02]} dxe5 {[%emt 0:01:53]} 8. dxe5 {[%emt 0:00:34]} Nd5 {[%emt 0:03:15]} 9. Re1 {[%emt 0:01:34]} b5 {[%emt 0:13:08]} 10. Bb3 {[%emt 0:01:45]} Na6 {[%emt 0:00:56]} 11. Ne4 {[%emt 0:04:44]} h6 {[%emt 0:07:56]} 12. c4 {[%emt 0:12:38]} bxc4 {[%emt 0:05:01]} 13. Bxc4 {[%emt 0:00:44]} Nac7 {[%emt 0:03:15]} 14. Qe2 {[%emt 0:09:26]} Ne6 {[%emt 0:07:54]} 15. Rd1 {[%emt 0:03:06]} Qa5 {[%emt 0:06:11]} 16. Bd2 {[%emt 0:06:34]} Qb6 {[%emt 0:02:08]} 17. Bxd5 {[%emt 0:13:30]} cxd5 {[%emt 0:00:03]} 18. Be3 {[%emt 0:00:24]} Qa5 {[%emt 0:01:39]} 19. Bd2 {[%emt 0:03:08]} Qb6 {[%emt 0:00:36]} 20. Be3 {[%emt 0:00:16]} Qa5 {[%emt 0:00:09]} 21. Bd2 1/2-1/2

[Event "GX Alekhine Open de Inverno 2023"]
[Site "Lisboa, Portugal"]
[Date "????.??.??"]
[Round "4.3"]
[White "Dias, Antonio Alberto"]
[Black "Silva, LourenÃ§o Santa Clara Co"]
[Result "0-1"]
[WhiteElo "1702"]
[BlackElo "1749"]
[PlyCount "42"]
[Source "Analyze This Pro"]

1. g4 {[%emt 0:00:11]} d5 {[%emt 0:01:34]} 2. e3 {[%emt 0:01:41]} e5 {[%emt 0:01:39]} 3. c4 {[%emt 0:01:59]} c6 {[%emt 0:05:07]} 4. Nc3 {[%emt 0:03:00]} Bb4 {[%emt 0:01:58]} 5. a3 {[%emt 0:02:47]} Bxc3 {[%emt 0:00:11]} 6. dxc3 {[%emt 0:00:49]} Nf6 {[%emt 0:01:22]} 7. g5 {[%emt 0:01:36]} Ne4 {[%emt 0:00:56]} 8. h4 {[%emt 0:00:05]} h6 {[%emt 0:04:34]} 9. cxd5 {[%emt 0:02:54]} hxg5 {[%emt 0:02:55]} 10. Bg2 {[%emt 0:03:04]} cxd5 {[%emt 0:05:26]} 11. Bxe4 {[%emt 0:00:44]} dxe4 {[%emt 0:00:14]} 12. Qa4+ {[%emt 0:00:05]} Nc6 {[%emt 0:00:19]} 13. Qxe4 {[%emt 0:00:08]} f5 {[%emt 0:04:29]} 14. Qg2 {[%emt 0:01:16]} g4 {[%emt 0:01:24]} 15. h5 {[%emt 0:00:47]} Be6 {[%emt 0:01:31]} 16. e4 {[%emt 0:01:17]} f4 {[%emt 0:00:55]} 17. Bd2 {[%emt 0:00:51]} Qd7 {[%emt 0:02:12]} 18. O-O-O {[%emt 0:00:16]} O-O-O {[%emt 0:00:14]} 19. Rh4 {[%emt 0:02:04]} Na5 {[%emt 0:01:47]} 20. f3 {[%emt 0:01:04]} Nb3+ {[%emt 0:00:07]} 21. Kc2 {[%emt 0:00:13]} Qd3# {[%emt 0:00:04]} 0-1